Fr. Conceicao Rodrigues College of Engineering

International diode and SCR manual (Record no. 31722)

MARC details
000 -LEADER
fixed length control field 00295nam a2200133Ia 4500
082 ## - DEWEY DECIMAL CLASSIFICATION NUMBER
Classification number 621.38173
Item number SIL
100 ## - MAIN ENTRY--PERSONAL NAME
Personal name Semicon indexes LTD
245 ## - TITLE STATEMENT
Title International diode and SCR manual
260 ## - PUBLICATION, DISTRIBUTION, ETC.
Name of publisher, distributor, etc. BPB Publications
546 ## - LANGUAGE NOTE
Language note ENGLISH
654 ## - SUBJECT ADDED ENTRY--FACETED TOPICAL TERMS
Focus term SCR manual
942 ## - ADDED ENTRY ELEMENTS (KOHA)
Koha item type BOOK
Holdings
Withdrawn status Lost status Damaged status Not for loan Collection Home library Current library Date acquired Source of acquisition Cost, normal purchase price Inventory number Total Checkouts Full call number Barcode Date last seen Cost, replacement price Price effective from Koha item type
        CRC Fr. Agnel's C.Rodrigues College of Engineering Fr. Agnel's C.Rodrigues College of Engineering 17/03/2023 Progressive Books 262.50 B91136   621.38173 SIL 3411 17/03/2023 262.50 17/03/2023 BOOK